00636 a2200157 4500003000500000005001700005020001500022040000900037082001500046100002200061245009200083260003400175300001800209505021500227650003600442Nust20221121113452.0 a8121908930 cNust a515.35,RAI aRaisinghania .M.D aAdvanced Differential EquationsbIncluding Boundary Value Problems / cM.D.Raisinghania aNew DelhibS,Chand & Coc2005 a434,370,178:p aPart-1: Ordinary Differential Equations (Page1-434), Part-2: Partial Differential Equations (Page1-370), Part-3: Boundary Value Problems (Page1-175), Part-4: Laplace Transform and its Applications (Page 3- 53). aAdvanced Differential Equations